BIBLIOTECA PODER JUDICIAL
Portal Judicial TDF

El estado populista y la teoría de la razón populista / (Registro nro. 6293)

000 -LEADER
fixed length control field 01143nabaa22002057a 4500
003 - CONTROL NUMBER IDENTIFIER
control field OSt
005 - DATE AND TIME OF LATEST TRANSACTION
control field 20260129010514.0
008 - FIXED-LENGTH DATA ELEMENTS--GENERAL INFORMATION
fixed length control field 190701b xxu||||| |||| 00| 0 spa d
040 ## - CATALOGING SOURCE
Transcribing agency PJ
100 ## - MAIN ENTRY--PERSONAL NAME
9 (RLIN) 18
Personal name Cassagne, Juan Carlos
245 13 - TITLE STATEMENT
Title El estado populista y la teoría de la razón populista /
Statement of responsibility, etc Juan Carlos Cassagne.
300 ## - PHYSICAL DESCRIPTION
Extent p. 188-195
500 ## - GENERAL NOTE
General note Cita: TR LALEY AR/DOC/446/2025
505 ## - FORMATTED CONTENTS NOTE
Formatted contents note Sumario: I. Introducción.— II. La irrupción del Estado populista.— III. La teoría de la razón populista.— IV. Consecuencias de la adopción del modelo del socialismo del siglo XXI.— V. Perspectivas políticas.— VI. La justicia social y sus límites.— VII. La enfermedad populista y las técnicas que se utilizan.— VIII. La necesidad de lograr consensos y reafirmar una justicia independiente.
505 ## - FORMATTED CONTENTS NOTE
Title ¿Te interesa el texto completo? Comunicate al correo: koha@justierradelfuego.gov.ar
650 #0 - SUBJECT ADDED ENTRY--TOPICAL TERM
9 (RLIN) 211
Topical term or geographic name as entry element DERECHO ADMINISTRATIVO
650 #0 - SUBJECT ADDED ENTRY--TOPICAL TERM
9 (RLIN) 5541
Topical term or geographic name as entry element ESTADO
773 0# - HOST ITEM ENTRY
Host Biblionumber 2842
Host Itemnumber 3251
Place, publisher, and date of publication Buenos Aires : AbeledoPerrot, 2012-
Other item identifier DA121
Title Derecho administrativo. Nº 158 marzo/abril 2025
International Standard Book Number 18510590
942 ## - ADDED ENTRY ELEMENTS (KOHA)
Source of classification or shelving scheme
Koha item type Analítica Artículo de Revista

No hay ítems disponibles.

12 de Octubre 789 Ushuaia - Tel:  54(02901)441571
Horario de Atención: 8.00 a 17.00 hs. 
bibliotecaush@justierradelfuego.gov.ar
koha@justierradelfuego.gov.ar
Seguinos en nuestras redes @bibliojustdf 

Con tecnología Koha